000 00369 a2200169 4500
001 183970
020 _a978-852628310-7
040 _cMagnum
100 _aShakespeare, William
240 1 0 _aA megera domada
_lpor
245 1 0 _aA megera domada
300 _a128
362 0 _a2012
440 1 _aScipione
697 _aLITERATURA JUVENIL ESTRANGEIRA
942 _cBK
999 _c183970
_d183970